| 000 | 00447cam a22001457a 4500 | ||
|---|---|---|---|
| 008 | 180718b1966 xxu||||| |||| 00| 0 eng d | ||
| 082 | _aN104x54 Ag15 | ||
| 100 | _aAgarwala, A.N. | ||
| 245 |
_aEconomic mobilization for national defence _cby A.N. Agarwala |
||
| 260 |
_aBombay _bAsia _c1966 |
||
| 300 | _a126p. | ||
| 440 | _aAllahabad University Magazine Students publication aid series, 1 | ||
| 500 | _aRs.10.50 | ||
| 650 | _aWar - Finance - India | ||
| 999 |
_c357090 _d357090 |
||